Československá socialistická federácia
Gespeichert in:
| 1. Verfasser: | |
|---|---|
| Format: | Buch |
| Sprache: | Slowakisch |
| Veröffentlicht: |
Bratislava
Pravda
1978
|
| Ausgabe: | 2. preprac. a rozšír. vyd. |
| Tags: |
Keine Tags, Fügen Sie das erste Tag hinzu!
|
MARC
| LEADER | 00000nam a2200000 4500 | ||
|---|---|---|---|
| 001 | c119612 | ||
| 005 | 20041019155214.6 | ||
| 041 | 0 | |a slo | |
| 044 | |a SK | ||
| 245 | 1 | 0 | |a Československá socialistická federácia |c Jaroslav Chovanec |
| 250 | |a 2. preprac. a rozšír. vyd. | ||
| 264 | 1 | |a Bratislava |b Pravda |c 1978 | |
| 300 | |a 281 s. | ||
| 100 | 1 | |a Chovanec, Jaroslav | |